00700nam a2200217Ia 4500008004100000020001700041040001400058082002200072100006800094245005100162260003000213300001100243365002600254366000800280505002900288530003000317620001700347630005100364650001600415730005100431100315s9999 xx 000 0 und d a0440060486  cENGLISH  b7599 a294.543  a"Bloomfield, Harold H., Cain, Michael peter, Jaffe, Dennis T. " aDiscovering Inner Energy and Overcoming Strees aNew York bTM  c1975  a290   eRupees d1 b0.00  f0  gRamakant Amar Navghare  bDonated By RBI Library   aBiography.  aDiscovering Inner Energy and Overcoming Strees aBIOGRAPHY  aDiscovering Inner Energy and Overcoming Strees